000 00706nam a2200241Ia 4500
005 20260429112257.0
008 260429s9999||||xx |||||||||||||| ||und||
020 _a9789348596765
041 _aEnglish
082 _a632.8
_bSEL
100 _aSelvarajan, R.
245 0 _aDetection and Field Management of Plant Viruses and their vectors /
_cR. Selvarajan
260 _aNew Delhi :
_bToday & Tomorrow's Printers and Publishers,
_c2025.
300 _a476 p.; hb
650 _a Crop protection
650 _a Plant pathology
650 _aPlant virology
700 _a Balasubramanian, V.
700 _a Gaur, R. K.
700 _a Mohanasundaram, A.
700 _a Nagendran, K.
942 _cTB
999 _c53271
_d53271